=LDR 00000nam 2200000 4500 =001 INLIS000000000033307 =005 20231212021640 =035 ##$$a 0010-061300000033307 =008 231212################g##########0#ind## =041 ##$$a ind =082 ##$$a 152.4 =090 ##$$a 158.7, mun p =100 ##$$a Purwanto, Yadi =245 1#$$a Psikologi marah : $b Perspektif psikologi islami /$c Yadi Purwanto, S.Psi., Drs. Rachmat Mulyono, M.Sc. P.Si. ; Editor, Rose Herlina =260 ##$$a Bandung :$b Refika Aditama,$c 2006 =300 ##$$a xviii,113 hlm, ; $c 24 x 16 cm. =650 #4$$a Emosi dan perasaan =850 ##$$a NBPNMAT =084 ##$$a 152.4 PUR p =020 ##$$a 979-3304-44-8 =700 #$$a Mulyono, Rachmat =990 ##$$a 21004114 =990 ##$$a 21004113 =990 ##$$a 21004111 =990 ##$$a 21004112